| 000 | 00590nam a22002052 4500 | ||
|---|---|---|---|
| 001 | 0000000668 | ||
| 005 | 20151217151754.0 | ||
| 008 | 070215s xx 000 0 eng d | ||
| 020 | _a9966272151 : | ||
| 040 |
_aKABU _cKABU |
||
| 050 | 0 |
_aBS325 _b.S9 |
|
| 130 | 0 |
_aBible. _lSwahili. _@0000148951 |
|
| 245 | 1 | 0 |
_aMaandiko matakatifu ya Mungu yaitwayo Biblia : _byaani Agano la Kale na Agano Jipya. |
| 260 |
_aNairobi : _bBible Society of Kenya, _c2004. |
||
| 300 | _a1389 p. | ||
| 650 | 0 |
_aBible. _@0000148918 |
|
| 908 | _a070215 | ||
| 950 | _@1 | ||
| 999 |
_c4855 _d4855 |
||